| 000 | 00727nam a22001817a 4500 | ||
|---|---|---|---|
| 003 | OSt | ||
| 005 | 20260304085435.0 | ||
| 008 | 201203b 1980 dr 00| 0 eng d | ||
| 040 |
_aDO-SdBNP _bspa _cBNPHU |
||
| 100 | 1 |
_aPeña Gomez, Jose Francisco , _d1937-1998 _92994 |
|
| 245 | 1 | 0 |
_a¡Se acabo el relajo! / _bDos discursos del secretario general del PRD Dr. José Francisco Peña Gómez / _cDr. José Francisco Peña Gómez ; director Almanzor González Canahuate. |
| 260 |
_aSanto Domingo : _bs.n. _c1980. |
||
| 300 |
_a32 p. ; _c21 cm. |
||
| 505 | 0 |
_tVamos a ordenar nuestra casa -- _t¡No! a la reelección -- |
|
| 590 | _aInventariado, 2020 /LP | ||
| 700 | 1 |
_aGonzález Canahuate, Almanzor _ddirector _977498 |
|
| 942 |
_2ddc _cLBS1 |
||
| 999 |
_c49230 _d49230 |
||